| 000 | 01471nac a22003731u 4500 | ||
|---|---|---|---|
| 003 | EG-ScBUE | ||
| 005 | 20220627101134.0 | ||
| 008 | 220627t2003 enk f 000 0 eng d | ||
| 020 | _a0195964586 | ||
| 020 | _a9780195964585 | ||
| 035 | _a(OCoLC)ocm54786481 | ||
| 040 |
_aEG-ScBUE _beng _erda _cEG-ScBUE _dEG-ScBUE |
||
| 041 | 0 |
_aeng _achi |
|
| 082 | 0 | 4 |
_a495.1321 _bPOC _222 |
| 245 | 0 | 0 |
_aPocket Oxford Chinese dictionary : _bEnglish-Chinese, Chinese-English = Ying-Han, Han-Ying / _cmonolingual text edited by Martin H. Manser ; English-Chinese dictionary edited and translated by Zhu Yuan, Wang Liangbi, Ren Yongchang ; Chinese-English dictionary edited by Wu Jingrong [and three others] |
| 246 | 3 | 0 | _aPocket Chinese dictionary |
| 264 | 1 |
_aOxford ; _aNew York : _bOxford University Press, _c[2003] |
|
| 264 | 4 | _cc2003 | |
| 300 |
_a614 pages ; _c20 cm |
||
| 336 |
_2rdacontent _atext _btxt |
||
| 337 |
_2rdamedia _aunmediated _bn |
||
| 338 |
_2rdacarrier _avolume _bnc |
||
| 546 | _aText in English and Chinese. | ||
| 650 | 7 |
_aEnglish language _vDictionaries _xChinese. _2BUEsh |
|
| 650 | 7 |
_aChinese language _vDictionaries _xEnglish. _2BUEsh _939112 |
|
| 651 | _2BUEsh | ||
| 653 | _bHHUUEENN | ||
| 655 |
_vReading book _934232 |
||
| 700 | 1 |
_aManser, Martin H., _eeditor. |
|
| 700 | 1 |
_aZhu, Yuan. _etranslator, _eeditor. _936956 |
|
| 700 | 1 |
_aRen, Yongchang, _etranslator, _eeditor. _941650 |
|
| 700 | 1 |
_aWu, Jingrong, _etranslator, _eeditor. |
|
| 942 |
_cREFERENCE _2ddc |
||
| 999 |
_c7552 _d7552 |
||